000 01090nam a22002297a 4500
005 20260211115148.0
008 260211b |||||||| |||| 00| 0 eng d
020 _a9789387648708 (hbk)
037 _cTB
040 _aCRL
_cCRL
041 _2hin
_ahin
084 _aNT58 152P2;Q9
_qCRL
245 _aस्तानिस्लाव्स्की:
_bचरित्र की रचना - प्रक्रिया
260 _aनयी दिल्ली, भारत:
_bवाणी प्रकाशन,
_c2019.
300 _a194पृ.
365 _b595.00
_cINR
650 _aललित कला
_91115094
650 _aथिएटर
_91115095
700 _aमिश्र, विश्वनाथ
_eअनुवादक
_91115096
942 _2CC
_n0
_cTB
_hNT58 152P2;Q9
999 _c1679246
_d1679246